On Nature And Language (Record no. 47424)
[ view plain ]
| 000 -LEADER | |
|---|---|
| fixed length control field | 00383nam a2200157 4500 |
| 005 - DATE AND TIME OF LATEST TRANSACTION | |
| control field | 20260519130012.0 |
| 008 - FIXED-LENGTH DATA ELEMENTS--GENERAL INFORMATION | |
| fixed length control field | 260428b |||||||| |||| 00| 0 eng d |
| 020 ## - INTERNATIONAL STANDARD BOOK NUMBER | |
| ISBN | 9780521815482 |
| 082 ## - DEWEY DECIMAL CLASSIFICATION NUMBER | |
| Classification number | 410 |
| Author Mark | CHO-O |
| 100 ## - MAIN ENTRY--AUTHOR | |
| Author Name | Chomsky Noam |
| 245 ## - TITLE STATEMENT | |
| Title | On Nature And Language |
| 260 ## - PUBLICATION, DISTRIBUTION, ETC. | |
| Place of Publication | New York |
| Name of publisher, distributor, etc. | Cambridge University Press |
| 300 ## - PHYSICAL DESCRIPTION | |
| Pages | 206p |
| 650 ## - SUBJECT ADDED ENTRY--TOPICAL TERM | |
| Subject / Department | English |
| 942 ## - ADDED ENTRY ELEMENTS (KOHA) | |
| Koha item type | Book |
| Withdrawn status | Lost status | Damaged status | Not for loan | Collection code | Permanent Location | Current Location | Shelving Location | Date acquired | Source of acquisition | Inventory number | Total Checkouts | Full Call Number | Accession No./Barcode | Date last seen | Koha item type |
|---|---|---|---|---|---|---|---|---|---|---|---|---|---|---|---|
| English | Air University H-11 Campus Islamabad | Air University H-11 Campus Islamabad | English Literature | 04/27/2026 | Ali Book Services | AUH11-01 | 410 CHO-O | AUHEP0032 | 04/28/2026 | Book |







